000 00393nam a2200145Ia 4500
008 220216s9999 xx 000 0 und d
245 0 _aIncreasing productivity and income of smallholders
260 _bIRRDB Annual Report 2001, pp7-12.
650 _aFarming system
650 _aHevea wood
650 _aMarketing
650 _aSmallholders
650 _aTechnology transfer
942 _cJS
999 _c61014
_d61014